Música para camaleones /
Guardado en:
| Autor Principal: | |
|---|---|
| Formato: | Libro |
| Publicado: |
Buenos Aires :
Emecé,
1981
|
| Series: | 249 p.
|
| Materias: | |
| Etiquetas: |
Agregar Etiqueta
Sin Etiquetas, Sea el primero en etiquetar este registro!
|
| LEADER | 00549nam a22001815a 4500 | ||
|---|---|---|---|
| 001 | EHU.bham041521 | ||
| 003 | AR-BHAM | ||
| 005 | 20120503110338.0 | ||
| 008 | 130507s1981##################000#0#####d | ||
| 082 | 8 | 1 | |a 813.5 |
| 100 | 1 | |a Capote, Truman | |
| 245 | 1 | 0 | |a Música para camaleones / |c Truman Capote |
| 260 | |a Buenos Aires : |b Emecé, |c 1981 | ||
| 490 | 0 | |a 249 p. | |
| 653 | |a Estados unidos-literatura contemporánea | ||
| 653 | |a Literatura norteamericana | ||
| 653 | |a Colección llull | ||
| 859 | |a AR-BHAM |b BIB. HUMANIDADES - General |h 813.5 |i C173-4 |p 452.09 |t Ej.1 | ||
